Excitable speech :a politics of the performative / (Record no. 2900)

000 -LEADER
fixed length control field 01167pam a2200313 a 4500
001 - CONTROL NUMBER
control field 1635779
003 - CONTROL NUMBER IDENTIFIER
control field OSt
005 - DATE AND TIME OF LATEST TRANSACTION
control field 20160823154132.0
008 - FIXED-LENGTH DATA ELEMENTS--GENERAL INFORMATION
fixed length control field 960716s1997 nyu b 001 0 eng
010 ## - LIBRARY OF CONGRESS CONTROL NUMBER
LC control number 96033054
020 ## - INTERNATIONAL STANDARD BOOK NUMBER
International Standard Book Number 0415915880 (pbk. : alk. paper)
020 ## - INTERNATIONAL STANDARD BOOK NUMBER
International Standard Book Number 0415915872 (hc)
040 ## - CATALOGING SOURCE
Original cataloging agency DLC
Transcribing agency DLC
Modifying agency DLC
050 00 - LIBRARY OF CONGRESS CALL NUMBER
Classification number P95.54.B88 1997
082 00 - DEWEY DECIMAL CLASSIFICATION NUMBER
Classification number 302.2/242
Edition number 20
100 1# - MAIN ENTRY--PERSONAL NAME
Personal name Butler, Judith,
Dates associated with a name 1956-
245 10 - TITLE STATEMENT
Title Excitable speech :a politics of the performative /
Statement of responsibility, etc Judith Butler.
260 ## - PUBLICATION, DISTRIBUTION, ETC. (IMPRINT)
Place of publication, distribution, etc New York :
Name of publisher, distributor, etc Routledge,
Date of publication, distribution, etc 1997.
300 ## - PHYSICAL DESCRIPTION
Extent x, 185 p. ;
Dimensions 23 cm.
504 ## - BIBLIOGRAPHY, ETC. NOTE
Bibliography, etc Includes bibliographical references (p.[165]-182) and index.
650 #0 - SUBJECT ADDED ENTRY--TOPICAL TERM
Topical term or geographic name as entry element Oral communication
General subdivision Social aspects.
650 #0 - SUBJECT ADDED ENTRY--TOPICAL TERM
Topical term or geographic name as entry element Hate speech.
650 #0 - SUBJECT ADDED ENTRY--TOPICAL TERM
Topical term or geographic name as entry element Speech acts (Linguistics.
650 #0 - SUBJECT ADDED ENTRY--TOPICAL TERM
Topical term or geographic name as entry element Language and languages
General subdivision Political aspects.
856 42 - ELECTRONIC LOCATION AND ACCESS
Materials specified Publisher description
Uniform Resource Identifier <a href="http://www.loc.gov/catdir/enhancements/fy0651/96033054-d.html">http://www.loc.gov/catdir/enhancements/fy0651/96033054-d.html</a>
906 ## - LOCAL DATA ELEMENT F, LDF (RLIN)
a 7
b cbc
c orignew
d 1
e ocip
f 19
g y-gencatlg
942 ## - ADDED ENTRY ELEMENTS (KOHA)
Source of classification or shelving scheme
Koha item type Book
Holdings
Withdrawn status Lost status Source of classification or shelving scheme Damaged status Not for loan Home library Current library Shelving location Date acquired Total Checkouts Full call number Barcode Date last seen Date checked out Copy number Price effective from Koha item type
          Riara University Library Riara University Library General stack 23/08/2016 3 P95.54.B88 1997 7161/16 29/08/2018 27/08/2018 C.1 23/08/2016 Book

Riara University Library,
P.O. Box 49940-00100,
Nairobi, Kenya.